| Tag |
First Indicator |
Second Indicator |
Subfields |
| LEADER |
00000cas a2200000 4500 |
| 001 |
in00000317469 |
| 005 |
20151010163215.0 |
| 008 |
760224d19751978enkuu2 0uuua0eng |
| 010 |
|
|
|a 75645705
|
| 012 |
|
|
|a 4
|b 3
|c -
|d 7
|e n
|f -
|g p
|h -
|i ----
|
| 022 |
0 |
|
|a 0306-946X
|
| 035 |
|
|
|a (OCoLC)02242605
|
| 035 |
|
|
|9 ABJ7162AM
|
| 037 |
|
|
|b 3 Station Parade, England
|
| 037 |
|
|
|c 8.00
|
| 040 |
|
|
|a DLC
|c DLC
|d NSD
|d TXA
|d UtOrBLW
|
| 042 |
|
|
|a lc
|a nsdp
|
| 049 |
|
|
|a TXAE
|
| 050 |
0 |
0 |
|a VM455
|b .T32
|
| 082 |
0 |
|
|a 387.2/45
|
| 222 |
|
0 |
|a Tanker + bulker international
|
| 245 |
0 |
0 |
|a Tanker & bulker international.
|
| 246 |
3 |
|
|a Tanker and bulker international
|
| 264 |
|
1 |
|a London [etc.] :
|b Intec Press Ltd.
|
| 300 |
|
|
|a 4 volumes :
|b illustrations ;
|c 30 cm.
|
| 336 |
|
|
|a text
|b txt
|2 rdacontent
|
| 337 |
|
|
|a unmediated
|b n
|2 rdamedia
|
| 338 |
|
|
|a volume
|b nc
|2 rdacarrier
|
| 362 |
0 |
|
|a v. l-4, no. 7/8. March/April 1975-July/Aug. 1978.
|
| 500 |
|
|
|a Also called series II.
|
| 510 |
0 |
|
|a Engineering index monthly
|x 0013-7960
|
| 510 |
0 |
|
|a Engineering index annual
|x 0360-8557
|
| 650 |
|
0 |
|a Tankers
|x Periodicals.
|
| 650 |
|
0 |
|a Merchant marine
|v Periodicals.
|
| 650 |
|
0 |
|a Shipbuilding
|v Periodicals.
|
| 780 |
0 |
2 |
|t Tanker & bulk carrier
|x 0039-9426
|
| 785 |
0 |
2 |
|t Tanker & bulker maritime management
|
| 999 |
|
|
|a MARS
|
| 999 |
f |
f |
|s c7c5895a-092a-393f-acca-9bf9082f680e
|i ca42a5c4-f7b4-310f-8b8c-1be90c33ff49
|t 0
|
| 952 |
f |
f |
|a Texas A&M University
|b Rellis Campus
|c Joint Library Facility
|d Remote Storage
|e VM455 .T32
|h Library of Congress classification
|i unmediated -- volume
|k v.3
|l 1977
|m A14852373134
|p ric
|s JLF
|t 0
|
| 952 |
f |
f |
|a Texas A&M University
|b Rellis Campus
|c Joint Library Facility
|d Remote Storage
|e VM455 .T32
|h Library of Congress classification
|i unmediated -- volume
|k v.4
|l 1978
|m A14852373142
|p ric
|s JLF
|t 0
|
| 952 |
f |
f |
|a Texas A&M University
|b Rellis Campus
|c Joint Library Facility
|d Remote Storage
|e VM455 .T32
|h Library of Congress classification
|i unmediated -- volume
|k v.2
|l 1976
|m A14852373050
|p ric
|s JLF
|t 0
|
| 952 |
f |
f |
|a Texas A&M University
|b Rellis Campus
|c Joint Library Facility
|d Remote Storage
|e VM455 .T32
|h Library of Congress classification
|i unmediated -- volume
|k v.1
|l 1975
|m A14852373068
|p ric
|s JLF
|t 0
|
| 998 |
f |
f |
|a VM455 .T32
|s v.1-4 (1975-1978)
|t 0
|l Remote Storage
|